Thermodynamic data on oxides and silicates : (Record no. 12208)
[ view plain ]
| 000 -LEADER | |
|---|---|
| fixed length control field | 01203pam a2200325 i 4500 |
| 001 - CONTROL NUMBER | |
| control field | 3942813 |
| 003 - CONTROL NUMBER IDENTIFIER | |
| control field | EG-ScBUE |
| 005 - DATE AND TIME OF LATEST TRANSACTION | |
| control field | 20251216102455.0 |
| 008 - FIXED-LENGTH DATA ELEMENTS--GENERAL INFORMATION | |
| fixed length control field | 930707t1993 gw a f b 001 0 eng |
| 020 ## - INTERNATIONAL STANDARD BOOK NUMBER | |
| International Standard Book Number | 3540568980 (Berlin : acidfree paper) |
| 020 ## - INTERNATIONAL STANDARD BOOK NUMBER | |
| International Standard Book Number | 0387568980 (New York : acidfree paper) |
| 040 ## - CATALOGING SOURCE | |
| Original cataloging agency | EG-ScBUE |
| Language of cataloging | eng |
| Description conventions | rda |
| Transcribing agency | EG-ScBUE |
| Modifying agency | EG-ScBUE |
| 082 04 - DEWEY DECIMAL CLASSIFICATION NUMBER | |
| Classification number | 549.5 |
| Edition number | 22 |
| Item number | THE |
| 245 00 - TITLE STATEMENT | |
| Title | Thermodynamic data on oxides and silicates : |
| Remainder of title | an assessed data set based on thermochemistry and high pressure phase equilibrium / |
| Statement of responsibility, etc | Surendra K. Saxena, [and three others] |
| 264 #1 - PUBLICATION, DISTRIBUTION, ETC. (IMPRINT) | |
| Place of publication, distribution, etc | Berlin : |
| Name of publisher, distributor, etc | Springer-Verlag, |
| Date of publication, distribution, etc | [1993] |
| 264 #4 - PUBLICATION, DISTRIBUTION, ETC. (IMPRINT) | |
| Date of publication, distribution, etc | c1993 |
| 300 ## - PHYSICAL DESCRIPTION | |
| Extent | viii, 428 pages : |
| Other physical details | illustrations ; |
| Dimensions | 25 cm |
| 336 ## - CONTENT TYPE | |
| Source | rdacontent |
| Content type term | text |
| Content type code | txt |
| 337 ## - MEDIA TYPE | |
| Media type term | unmediated |
| Source | rdamedia |
| Media type code | n |
| 338 ## - CARRIER TYPE | |
| Carrier type term | volume |
| Carrier type code | nc |
| Source | rdacarrier |
| 500 ## - GENERAL NOTE | |
| General note | With 34 figures. |
| 500 ## - GENERAL NOTE | |
| General note | Includes Appendices.<br/> |
| 504 ## - BIBLIOGRAPHY, ETC. NOTE | |
| Bibliography, etc | Includes bibliographical references and index. |
| 650 #7 - SUBJECT ADDED ENTRY--TOPICAL TERM | |
| Topical term or geographic name as entry element | Oxides |
| General subdivision | Tables. |
| 9 (RLIN) | 7601 |
| Source of heading or term | BUEsh |
| 650 #7 - SUBJECT ADDED ENTRY--TOPICAL TERM | |
| Topical term or geographic name as entry element | Silicates |
| General subdivision | Tables. |
| 9 (RLIN) | 7602 |
| Source of heading or term | BUEsh |
| 650 #7 - SUBJECT ADDED ENTRY--TOPICAL TERM | |
| Topical term or geographic name as entry element | Thermodynamics |
| General subdivision | Tables. |
| 9 (RLIN) | 7603 |
| Source of heading or term | BUEsh |
| 655 ## - INDEX TERM--GENRE/FORM | |
| Form subdivision | Reading book |
| 700 1# - ADDED ENTRY--PERSONAL NAME | |
| Personal name | Saxena, Surendra Kumar, |
| Dates associated with a name | 1936- |
| 9 (RLIN) | 7604 |
| Relator term | author. |
| 942 ## - ADDED ENTRY ELEMENTS (KOHA) | |
| Source of classification or shelving scheme | Dewey Decimal Classification |
| Koha item type | Book - Borrowing |
| Withdrawn status | Lost status | Source of classification or shelving scheme | Damaged status | Not for loan | Collection code | Home library | Current library | Shelving location | Date acquired | Source of acquisition | Cost, normal purchase price | Serial Enumeration / chronology | Total Checkouts | Full call number | Barcode | Date last seen | Price effective from | Koha item type |
|---|---|---|---|---|---|---|---|---|---|---|---|---|---|---|---|---|---|---|
| Dewey Decimal Classification | Alahram | Central Library | Central Library | First floor | 06/07/2009 | 407.00 | 72 | 549.5 THE | 000017352 | 15/07/2025 | 06/07/2009 | Book - Borrowing |